000 00315nam a2200145Ia 4500
008 230917s9999||||xx |||||||||||||| ||und||
040 _e4228
_aMAIN
041 _aEnglish
082 _a843.4 V889V
100 _aFulter, Edmuind
245 0 _aVoltaire
260 _bDell
_c1959
300 _a383 p.
942 _cBK
999 _c208506
_d208506